Ali Baba

Bibliographic Details
Main Author: Neol, Sheera
Format: Book
Published: Kuala Lumpur : Good Book Publisher , 2004
Series:Step into English
Subjects:

MARC

LEADER 00000cam a2200000 7i4500
001 0000065262
005 20220105104227.0
008 160813
020 |a 9831280954 
090 0 0 |a CT   |b ENG 
100 1 |a Neol, Sheera 
245 1 0 |a Ali Baba   |c Sheera Neol 
260 |a Kuala Lumpur :   |b Good Book Publisher ,   |c 2004 
300 |a 15pg. :   |b Col.ill 
490 1 |a Step into English 
500 |a Children age 4-6 years old (yellow) 
650 0 |a English fiction 
999 |a 0000899275   |b Book   |c Children Collection   |e Cawangan Segamat 
999 |a 0000899276   |b Book   |c Children Collection   |e Cawangan Segamat 
999 |a 0000899278   |b Book   |c Children Collection   |e Cawangan Mersing 
999 |a 0000962891   |b Book   |c Children Collection   |e Cawangan Bukit Gambir